Rozpoznaj jaki to kwas - Statystyki

Ogólne statystyki
  • Ten quiz został rozwiązany 12 razy
  • Średni wynik to 8 z 10
Statystyki odpowiedzi
Wzór Nazwa kwasu % Poprawnych
HNO3 kwas azotowy (V)
92%
H3PO4 kwas fosforowy (V)
92%
H2SO3 kwas siarkowy (IV)
92%
H2CO3 kwas węglowy
92%
H2SO4 kwas siarkowy (VI)
83%
HCl kwas chlorowodorowy
75%
HF kwas fluorowodorowy
67%
H2S kwas siarkowodorowy
67%
HBr kwas bromowodorowy
58%
HI kwas jodowodorowy
58%
Nie znaleziono quizów pasujących do podanych kryteriów
Rozkład punktacji
Procent ludzi z każdym wynikiem
Percentyl według liczby udzielonych odpowiedzi
Twoja historia wyników
Nie rozwiązałeś tego quizu